000
00323nam a2200121Ia 4500
008
191201s2005 xx 000 0 und d
100
_a
FRANZ, J H
245
0
_a
Optical Communications Components and Systems
260
_a
N.Delhi
_b
Narosa Publication House
_c
2005
300
_a
717
650
_a
B.Tech(ECE)
942
_2
ddc
_c
BK
999
_c
1793
_d
1793